000 00308nam a22001337a 4500
008 190129b xxu||||| |||| 00| 0 eng d
020 _a9780205404483
041 _aeng
080 _a316
100 _a50
101 _aSOC
245 _aExperiencing Social Research A Reader
_cStrand,K.J
942 _2udc
_cBK
999 _c53857
_d53857